000 00210nam a2200121Ia 4500
100 _a#N/A
942 _cBK
654 _aFEDORA 12
245 _aFEDORA 12
260 _b#N/A
546 _aENGLISH
999 _c29892
_d29892